<?xml version="1.0" encoding="UTF-8"?><?xml-stylesheet type="text/xsl" href="static/style.xsl"?><OAI-PMH xmlns="http://www.openarchives.org/OAI/2.0/" xmlns:xsi="http://www.w3.org/2001/XMLSchema-instance" xsi:schemaLocation="http://www.openarchives.org/OAI/2.0/ http://www.openarchives.org/OAI/2.0/OAI-PMH.xsd"><responseDate>2026-04-27T07:53:25Z</responseDate><request verb="GetRecord" identifier="oai:uvadoc.uva.es:10324/32178" metadataPrefix="marc">https://uvadoc.uva.es/oai/request</request><GetRecord><record><header><identifier>oai:uvadoc.uva.es:10324/32178</identifier><datestamp>2021-06-29T22:42:27Z</datestamp><setSpec>com_10324_38</setSpec><setSpec>col_10324_852</setSpec></header><metadata><record xmlns="http://www.loc.gov/MARC21/slim" xmlns:doc="http://www.lyncode.com/xoai" xmlns:xsi="http://www.w3.org/2001/XMLSchema-instance" xmlns:dcterms="http://purl.org/dc/terms/" xsi:schemaLocation="http://www.loc.gov/MARC21/slim http://www.loc.gov/standards/marcxml/schema/MARC21slim.xsd">
<leader>00925njm 22002777a 4500</leader>
<datafield tag="042" ind1=" " ind2=" ">
<subfield code="a">dc</subfield>
</datafield>
<datafield tag="720" ind1=" " ind2=" ">
<subfield code="a">Santamarina Holguera, Leticia</subfield>
<subfield code="e">author</subfield>
</datafield>
<datafield tag="260" ind1=" " ind2=" ">
<subfield code="c">2018</subfield>
</datafield>
<datafield tag="520" ind1=" " ind2=" ">
<subfield code="a">En este trabajo de fin de grado se describe la síntesis de una serie de catalizadores&#xd;
soportados, concretamente tioureas bifuncionales derivadas de la (1R,2R)-trans-1,2-&#xd;
ciclohexanodiamina con diversos espaciadores, inmovilizadas sobre un polímero natural, la&#xd;
celulosa; y el estudio de su actividad catalítica en distintas reacciones diastereo- y&#xd;
enantioselectivas como son la adición de nitro-Michael, la α-aminación de β-cetoésteres y la&#xd;
reacción aza-Henry. La tiourea bifuncional soportada I ha resultado ser un catalizador&#xd;
eficiente para la reacción aza-Henry de diferentes Boc-aldiminas con nitrometano&#xd;
conduciendo a aductos con buenos rendimientos químicos y relaciones enantioméricas&#xd;
(hasta 92:8). Dicha tiourea puede ser recuperada y reutilizada en 4 ciclos sucesivos sin&#xd;
cambios significativos en el rendimiento químico y con una casi perfecta reproducibilidad de&#xd;
los valores de relación enantiomérica.</subfield>
</datafield>
<datafield tag="024" ind2=" " ind1="8">
<subfield code="a">http://uvadoc.uva.es/handle/10324/32178</subfield>
</datafield>
<datafield tag="245" ind1="0" ind2="0">
<subfield code="a">Síntesis de tioureas bifuncionales quirales soportadas en celulosa y estudio de su actividad catalítica</subfield>
</datafield>
</record></metadata></record></GetRecord></OAI-PMH>